| 000 | 00480nam a2200169Ia 4500 | ||
|---|---|---|---|
| 999 |
_c12660 _d12660 |
||
| 003 | OSt | ||
| 005 | 20201103125559.0 | ||
| 008 | 190216s9999||||xx |||||||||||||| ||und|| | ||
| 040 | _coclc | ||
| 082 |
_a801 _bWEL/T |
||
| 100 |
_aWellek, Rene _96231 |
||
| 245 | 0 |
_aTheory Of Literature / _cRene Wellek ; Austin Warren |
|
| 260 |
_bPenguin Books, _c1956. _aLondon: |
||
| 300 | _a374p | ||
| 650 | _aEnglish Stories | ||
| 942 |
_cBK _2ddc _h801 _iWEL/T _k801 _mWEL/T |
||